List of suspicious things (Record no. 4606)
[ view plain ]
| 000 -CABECERA | |
|---|---|
| campo de control de longitud fija | 01516cam a22002298i 4500 |
| 001 - NÚMERO DE CONTROL | |
| campo de control | 24045169 |
| 005 - FECHA Y HORA DE LA ÚLTIMA TRANSACCIÓN | |
| campo de control | 20250327161825.0 |
| 008 - DATOS DE LONGITUD FIJA--INFORMACIÓN GENERAL | |
| campo de control de longitud fija | 250227s2025 ilu 000 1 eng |
| 010 ## - NÚMERO DE CONTROL DE LA BIBLIOTECA DEL CONGRESO | |
| Número de control de LC | 2025007282 |
| 020 ## - NÚMERO INTERNACIONAL ESTÁNDAR DEL LIBRO | |
| Número Internacional Estándar del Libro | 9781804942949 |
| 040 ## - FUENTE DE LA CATALOGACIÓN | |
| Centro catalogador/agencia de origen | DLC |
| Lengua de catalogación | eng |
| Normas de descripción | rda |
| Centro/agencia transcriptor | DLC |
| 042 ## - CÃDIGO DE AUTENTICACIÃN | |
| Código de autenticación | pcc |
| 050 00 - SIGNATURA TOPOGRÁFICA DE LA BIBLIOTECA DEL CONGRESO | |
| Número de clasificación | PR6107.O3373 |
| Número de documento/Ítem | L57 2025 |
| 100 ## - ENTRADA PRINCIPAL--NOMBRE DE PERSONA | |
| Nombre de persona | Godfrey, Jennie, |
| Término indicativo de función/relación | author. |
| 9 (RLIN) | 25082 |
| 245 10 - MENCIÓN DE TÍTULO | |
| Título | List of suspicious things |
| Resto del título | : a novel |
| Mención de responsabilidad, etc. | / Jennie Godfrey. |
| 264 ## - PRODUCCIÓN, PUBLICACIÓN, DISTRIBUCIÓN, FABRICACIÓN Y COPYRIGHT | |
| Producción, publicación, distribución, fabricación y copyright | Penguin Books |
| Nombre del de productor, editor, distribuidor, fabricante | London |
| Fecha de producción, publicación, distribución, fabricación o copyright | 2025 |
| 300 ## - DESCRIPCIÓN FÍSICA | |
| Extensión | 528 pages ; 20 cm |
| 520 ## - SUMARIO, ETC. | |
| Sumario, etc. | Yorkshire, 1979<br/><br/>Maggie Thatcher is prime minister, drainpipe jeans are in, and Miv is convinced that her dad wants to move their family Down South.<br/><br/>Because of the murders.<br/><br/>Leaving Yorkshire and her best friend Sharon simply isn't an option, no matter the dangers lurking round their way; or the strangeness at home that started the day Miv's mum stopped talking.<br/>Perhaps if she could solve the case of the disappearing women, they could stay after all?<br/><br/>So, Miv and Sharon decide to make a list: a list of all the suspicious people and things down their street. People they know. People they don't.<br/><br/>But their search for the truth reveals more secrets in their neighbourhood, within their families - and between each other - than they ever thought possible.<br/><br/>What if the real mystery Miv needs to solve is the one that lies much closer to home? |
| 655 #0 - TÉRMINO DE INDIZACIÓN--GÉNERO/FORMA | |
| Datos o término principal de género/forma | Detective and mystery fiction |
| 9 (RLIN) | 23664 |
| 942 ## - ELEMENTOS DE ENTRADA AGREGADA (KOHA) | |
| Fuente del sistema de clasificación o colocación | Clasificación de Library of Congress |
| Estado de retiro | Estado de pérdida | Fuente del sistema de clasificación o colocación | Estado dañado | No para préstamo | Biblioteca de origen | Biblioteca actual | Fecha de adquisición | Total de préstamos | Signatura topográfica completa | Código de barras | Fecha de vencimiento | Fecha visto por última vez | Fecha del último préstamo | Número de copia | Precio válido a partir de | Tipo de ítem Koha |
|---|---|---|---|---|---|---|---|---|---|---|---|---|---|---|---|---|
| Clasificación de Library of Congress | TBS Barcelona | TBS Barcelona | 27/03/2025 | 1 | P-EN GOD | B05919 | 11/05/2025 | 27/03/2025 | 27/03/2025 | 1 | 27/03/2025 | Book |

